Statystyki dla Zawody na literę Ż

Kliknij tutaj aby rozwiązać quiz!

Ogólne statystyki

  • Ten quiz został rozwiązany 37 razy
  • Średni wynik to 2 z 5

Statystyki odpowiedzi

Zawód% Poprawnych
żołnierz
71%
żniwiarz
48%
żeglarz
42%
żandarm
39%
żużlowiec
19%

Rozkład punktacji

Percentyl według liczby udzielonych odpowiedzi

Procent ludzi z każdym wynikiem

Twoja historia wyników

Nie rozwiązałeś tego quizu